|
|
|
|
| LEADER |
01076nab a2200265 i 4500 |
| 001 |
tort804 |
| 005 |
20231102090727.0 |
| 008 |
231102s2023 hu o 0|| zxx d |
| 022 |
|
|
|a 1588-3930
|
| 040 |
|
|
|a PEREPO TORTENET
|b hun
|
| 041 |
|
|
|a zxx
|
| 245 |
0 |
0 |
|a Tematikus nyílt napot rendeztek a térség ipari szereplőinek
|h [elektronikus dokumentum]
|
| 260 |
|
|
|a Maraton Lapcsoport
|b Zalaegerszeg, Magyarország
|c 2023-11-02
|
| 300 |
|
|
|a 7
|
| 490 |
0 |
|
|a Zalaegerszegi 7 nap
|v 11 No. 31
|
| 695 |
|
|
|a Pannon Egyetem Zalaegerszegi Egyetemi Központ - PE ZEK
|
| 695 |
|
|
|a Gelencsér András dr.
|
| 695 |
|
|
|a Birkner Zoltán dr.
|
| 695 |
|
|
|a Palányi Ildikó dr.
|
| 695 |
|
|
|a Balaicz Zoltán
|
| 695 |
|
|
|a Ipari nap
|
| 695 |
|
|
|a Pannon Egyetemért Alapítvány
|
| 695 |
|
|
|a interjú
|
| 695 |
|
|
|a Vállalati Klub
|
| 856 |
4 |
0 |
|u https://perepo-tortenet.uni-pannon.hu/id/eprint/804/1/2023-11-02_zalaegreszegi_7_nap_Tematikus%20ny%C3%ADlt%20napot%20rendeztek%20a%20t%C3%A9rs%C3%A9g%20ipari%20szerepl%C5%91inek%20%2811.%20%C3%A9vf.%2031.%20sz.%2C%20p.%207.%29.pdf
|z Dokumentum-elérés
|